Footloose labour: Working in India's informal economy (Record no. 622532)

MARC details
000 -LEADER
fixed length control field 00731nam a2200229Ia 4500
003 - CONTROL NUMBER IDENTIFIER
control field OSt
005 - DATE AND TIME OF LATEST TRANSACTION
control field 20260317165203.0
008 - FIXED-LENGTH DATA ELEMENTS--GENERAL INFORMATION
fixed length control field 220923b |||||||| |||| 00| 0 eng d
020 ## - INTERNATIONAL STANDARD BOOK NUMBER
International Standard Book Number 0521568242
037 ## - SOURCE OF ACQUISITION
Terms of availability General Book
040 ## - CATALOGING SOURCE
Original cataloging agency RTL
Transcribing agency RTL
Language of cataloging eng
041 ## - LANGUAGE CODE
Source of code eng
Language code of text/sound track or separate title eng
084 ## - COLON CLASSIFICATION NUMBER
Classification number X9(J):9J2.236.N9, N6/TD
Assigning agency RTL
100 ## - MAIN ENTRY--PERSONAL NAME
Personal name Breman, Jan
245 #0 - TITLE STATEMENT
Title Footloose labour: Working in India's informal economy
Remainder of title
260 ## - PUBLICATION, DISTRIBUTION, ETC.
Place of publication, distribution, etc. New York
Name of publisher, distributor, etc. Cambridge University Press
Date of publication, distribution, etc. 1996
300 ## - PHYSICAL DESCRIPTION
Extent ix,278p.
Other physical details inculed biblograpical refrence an index
490 ## - SERIES STATEMENT
Series statement Contemporary South Asia; 2
500 ## - GENERAL NOTE
General note Bibliography: P 265-73
942 ## - ADDED ENTRY ELEMENTS (KOHA)
Classification part X9(J):9J2.236.N9, N6/TD
Koha item type Textbook
Source of classification or shelving scheme Colon Classification (CC)
Holdings
Withdrawn status Lost status Source of classification or shelving scheme Damaged status Not for loan Home library Current library Date acquired Total Checkouts Full call number Barcode Date last seen Date last checked out Price effective from Koha item type
    Colon Classification (CC)     Ratan Tata Library Ratan Tata Library 2022-09-26 2 X9(J):9J2.236.N9 N6/TD RT1477693 2025-12-16 2025-12-12 2022-09-26 Textbook
Copyright @ Delhi University Library System